00355nam a22001217a 450000500170000000800410001704000130005808200240007110000270009524500600012226000400018230000110022220170912111704.0170831b xxu||||| |||| 00| 0 eng d cPK-LaUMT aRHC 891.4398bHAR-P aHaroon Rasheed Tabasum aPakistan sab kay liyyay (urdu)/cHaroon Rasheed Tabasum aجہلم:bبک کارنر ،c2014 a288 ص